[Event "IV Open A"]
[Site "Lodi ITA"]
[Date "2008.06.15"]
[Round "4"]
[White "Sbarra, Marco"]
[Black "Fedorchuk, Sergey A."]
[Result "0-1"]
[WhiteElo "2243"]
[BlackElo "2671"]
[PlyCount "58"]
[EventDate "2008.06.13"]

1. d4 Nf6 2. c4 e6 3. Nc3 Bb4 4. Qc2 O-O 5. a3 Bxc3+ 6. Qxc3 d6 7. Bg5 Nbd7 8.
g3 h6 9. Bxf6 Nxf6 10. Bg2 Rb8 11. Nf3 b6 12. O-O Bb7 13. Nd2 Bxg2 14. Kxg2 c5
15. e4 Qc7 16. b4 cxd4 17. Qxd4 Rbc8 18. Rac1 Qc6 19. Rfe1 Rc7 20. Kg1 Rfc8 21.
e5 dxe5 22. Qxe5 Rd7 23. Ne4 Nh7 24. h4 f6 25. Qh5 f5 26. Nc3 Rd2 27. Re3 Nf6
28. Qg6 Rd4 29. Rce1 Rg4 0-1

[Event "IV Open A"]
[Site "Lodi ITA"]
[Date "2008.06.15"]
[Round "4"]
[White "Schneider-Zinner, Harald"]
[Black "Peredy, Ferenc"]
[Result "1/2-1/2"]
[WhiteElo "2350"]
[BlackElo "2268"]
[PlyCount "71"]
[EventDate "2008.06.13"]

1. d4 d5 2. Nf3 Nf6 3. c4 dxc4 4. Qa4+ c6 5. Qxc4 Bf5 6. g3 e6 7. Bg2 Nbd7 8.
O-O Be7 9. Nc3 h6 10. Rd1 Bc2 11. a3 Nb6 12. Qa2 Bxd1 13. Nxd1 O-O 14. Nc3 Nbd5
15. Na4 Rc8 16. b3 Ne4 17. Qc2 Ng5 18. Ne5 Nb6 19. Nxb6 axb6 20. Bb2 Nh7 21.
Rd1 Nf6 22. e4 Qc7 23. h3 Rfd8 24. f4 c5 25. d5 exd5 26. exd5 b5 27. Qc3 b4 28.
Qc4 bxa3 29. Bxa3 Bd6 30. Bb2 Ra8 31. Rd2 Qa5 32. Qd3 Bf8 33. Nc4 Qa6 34. Qf5
b5 35. Ne5 c4 36. Nc6 1/2-1/2

[Event "IV Open A"]
[Site "Lodi ITA"]
[Date "2008.06.15"]
[Round "4"]
[White "Sciortino, Massimo"]
[Black "Pedini, Dario"]
[Result "1-0"]
[WhiteElo "2217"]
[BlackElo "2086"]
[PlyCount "98"]
[EventDate "2008.06.13"]

1. e4 e5 2. Nf3 Nc6 3. Bb5 Nge7 4. O-O d6 5. c3 Bd7 6. d4 Ng6 7. Re1 Be7 8.
Nbd2 O-O 9. Nf1 Nxd4 10. Nxd4 exd4 11. Bxd7 Qxd7 12. cxd4 d5 13. e5 c5 14. Be3
c4 15. Ng3 b5 16. f4 f5 17. a3 Rf7 18. Qc2 Nf8 19. Rad1 g6 20. Ne2 a5 21. Kf2
Ne6 22. Rh1 Bd8 23. h4 b4 24. axb4 axb4 25. h5 g5 26. Rdg1 Qb7 27. Qd2 Rc8 28.
g3 g4 29. h6 Be7 30. Rh5 Nd8 31. Qd1 c3 32. bxc3 bxc3 33. Qd3 Qc6 34. Ra1 Qg6
35. Rhh1 Qb6 36. Ra6 Qc7 37. Rha1 Bf8 38. Ra7 Qc6 39. Rxf7 Nxf7 40. Qxf5 Nxh6
41. Qg5+ Kh8 42. f5 Qc4 43. Ra7 Ng8 44. Rxh7+ Kxh7 45. Qg6+ Kh8 46. f6 Rc7 47.
f7 Rxf7+ 48. Qxf7 Bh6 49. Qh5 Kh7 1-0

[Event "IV Open A"]
[Site "Lodi ITA"]
[Date "2008.06.15"]
[Round "4"]
[White "Welling, Gerard"]
[Black "Pomaro, Alberto"]
[Result "0-1"]
[WhiteElo "2378"]
[BlackElo "2209"]
[PlyCount "78"]
[EventDate "2008.06.13"]

1. f4 d5 2. Nf3 Nf6 3. g3 g6 4. Bg2 Bg7 5. O-O O-O 6. d3 c5 7. c3 Nc6 8. Na3
Rb8 9. Ne5 Qe8 10. Nxc6 Qxc6 11. Qe1 Qa6 12. c4 dxc4 13. Nxc4 Be6 14. Ne3 Ng4
15. Nd5 Qd6 16. Nc3 f5 17. h3 Nf6 18. Qf2 b6 19. Rd1 Nd5 20. Nxd5 Bxd5 21. e4
Bxe4 22. Be3 Bxg2 23. Kxg2 Rbd8 24. Rd2 e5 25. Kh2 Qd5 26. a4 Qb3 27. Ra3 Qd5
28. a5 Rf7 29. axb6 axb6 30. h4 Rfd7 31. Ra6 Qb7 32. Ra3 Rd5 33. b3 Rxd3 34.
fxe5 Bxe5 35. Rxd3 Rxd3 36. Bf4 Rd1 37. Qg2 Qxg2+ 38. Kxg2 Bxf4 39. gxf4 Rd3
0-1

[Event "IV Open A"]
[Site "Lodi ITA"]
[Date "2008.06.15"]
[Round "5"]
[White "Astengo, Corrado"]
[Black "Di Lascio, Savino"]
[Result "1-0"]
[WhiteElo "2137"]
[BlackElo "1997"]
[PlyCount "37"]
[EventDate "2008.06.13"]

1. e4 c6 2. d4 d5 3. Nd2 dxe4 4. Nxe4 Nf6 5. Nxf6+ gxf6 6. Bc4 Bf5 7. Ne2 h5 8.
c3 h4 9. Qb3 b5 10. Bxf7+ Kd7 11. d5 Qb6 12. Nd4 Bd3 13. dxc6+ Nxc6 14. Qd5+
Kc7 15. Ne6+ Kb7 16. Qd7+ Kb8 17. Bf4+ Ne5 18. Bxe5+ fxe5 19. Qxd3 1-0

[Event "IV Open A"]
[Site "Lodi ITA"]
[Date "2008.06.15"]
[Round "5"]
[White "Bertani, Gianfranco"]
[Black "Lefevre, Margaux"]
[Result "1-0"]
[WhiteElo "2133"]
[BlackElo "1968"]
[PlyCount "85"]
[EventDate "2008.06.13"]

1. Nf3 Nf6 2. b3 g6 3. Bb2 Bg7 4. d4 O-O 5. Nbd2 d5 6. e3 Bf5 7. Be2 Nc6 8. Nh4
Bd7 9. O-O Ne4 10. Nhf3 Nxd2 11. Qxd2 Bf5 12. c4 Be4 13. Ng5 e6 14. Nxe4 dxe4
15. Ba3 Re8 16. Rfd1 Ne7 17. Rac1 c6 18. Qc2 f5 19. Bb2 Qc7 20. d5 cxd5 21.
Bxg7 Kxg7 22. Qb2+ e5 23. cxd5 Qd6 24. f4 exf3 25. gxf3 Kg8 26. Kh1 e4 27. f4
Red8 28. Qd4 a6 29. a4 Rab8 30. a5 Kf7 31. b4 b5 32. axb6 Rxb6 33. Rc5 Qf6 34.
Qe5 Rbd6 35. Bc4 g5 36. Rc7 h6 37. Ra7 Kf8 38. Rd4 gxf4 39. exf4 Qxe5 40. fxe5
Rg6 41. d6 Nc6 42. Rf7+ Kg8 43. Rc7+ 1-0

[Event "IV Open A"]
[Site "Lodi ITA"]
[Date "2008.06.15"]
[Round "5"]
[White "Buriani, Andrea"]
[Black "Sbarra, Marco"]
[Result "0-1"]
[WhiteElo "2141"]
[BlackElo "2243"]
[PlyCount "122"]
[EventDate "2008.06.13"]

1. d4 d5 2. Nf3 Nf6 3. c4 e6 4. Nc3 Bb4 5. Bg5 Nbd7 6. Qb3 c5 7. e3 Qa5 8. Bxf6
Nxf6 9. Bd3 dxc4 10. Qxc4 cxd4 11. exd4 O-O 12. O-O b6 13. Ne5 Bb7 14. Qc7 Bxc3
15. bxc3 Qd5 16. f3 Rac8 17. Qe7 Rxc3 18. Kh1 Qxd4 19. Rfe1 Rc5 20. Rad1 Rxe5
21. Rxe5 Qxe5 22. Qxb7 Qb8 23. Qa6 Rd8 24. h3 g6 25. Bc2 Rxd1+ 26. Bxd1 Qc7 27.
Bb3 Nd7 28. Qa3 Nc5 29. Bc4 Qf4 30. Qc3 e5 31. Bb5 a5 32. Qc2 Qd4 33. Bc6 Ne6
34. Be8 Kf8 35. Bb5 Qc5 36. Qd3 Nd4 37. Bd7 b5 38. Qd2 Qc7 39. Qh6+ Ke7 40. Bg4
Ne2 41. Qh4+ Ke8 42. Qf2 Qc4 43. h4 f5 44. Bh3 Nd4 45. Qe3 Qc5 46. h5 b4 47.
hxg6 hxg6 48. Qh6 Kf7 49. Qh7+ Kf6 50. Qh8+ Kg5 51. Kh2 Ne2 52. Qd8+ Kf4 53.
Qd2+ Qe3 54. Qe1 e4 55. Qh4+ Ke5 56. Qe7+ Kd4 57. Qd6+ Kc3 58. Qc7+ Kb2 59.
Qe5+ Kb1 60. Bxf5 gxf5 61. fxe4 Qh6# 0-1

[Event "IV Open A"]
[Site "Lodi ITA"]
[Date "2008.06.15"]
[Round "5"]
[White "Burlando, Alessandro"]
[Black "Bozzali, Ermanno"]
[Result "0-1"]
[WhiteElo "2141"]
[BlackElo "2202"]
[PlyCount "76"]
[EventDate "2008.06.13"]

1. d4 Nf6 2. c4 e6 3. Nf3 c5 4. d5 exd5 5. cxd5 d6 6. Nc3 g6 7. e4 Bg7 8. Nd2
O-O 9. Be2 Re8 10. O-O Na6 11. f4 Nc7 12. Bf3 h5 13. h3 a6 14. a4 Rb8 15. Nc4
b5 16. Nxd6 Qxd6 17. e5 Qd8 18. d6 Ne6 19. exf6 Bxf6 20. Bc6 Bd7 21. Bxd7 Qxd7
22. Nd5 Bd8 23. f5 Nd4 24. fxg6 fxg6 25. Qd3 Re6 26. Nf4 Rxd6 27. Kh1 Nf5 28.
Qf3 h4 29. Re1 Ba5 30. Rg1 bxa4 31. Ne2 Rd3 32. Qg4 Ng3+ 33. Nxg3 Qxg4 34. hxg4
hxg3 35. Rxa4 Rb7 36. Rf1 Bb6 37. Rc4 Rf7 38. Bf4 g5 0-1

[Event "IV Open A"]
[Site "Lodi ITA"]
[Date "2008.06.15"]
[Round "5"]
[White "Cappai, Davide"]
[Black "Damia, Angelo"]
[Result "1/2-1/2"]
[WhiteElo "2100"]
[BlackElo "2302"]
[PlyCount "89"]
[EventDate "2008.06.13"]

1. e4 c5 2. Nf3 f5 3. exf5 d5 4. Nh4 Nf6 5. Be2 Qd6 6. O-O g6 7. d3 Bxf5 8.
Nxf5 gxf5 9. Bh5+ Nxh5 10. Qxh5+ Qg6 11. Qf3 e6 12. c4 Qg4 13. Qxg4 fxg4 14.
cxd5 exd5 15. Nc3 Nc6 16. Nxd5 O-O-O 17. Nf4 Nd4 18. Be3 Bh6 19. Ne6 Nxe6 20.
Bxh6 Rxd3 21. Rfe1 Re8 22. Rac1 Kd7 23. Kf1 b6 24. Re4 Rd4 25. Rce1 Kd6 26.
Bf4+ Kd7 27. Bh6 Kd6 28. Bf4+ Kd7 29. Bh6 Rxe4 30. Rxe4 Rg8 31. Bd2 Kd6 32. Bc3
Rg5 33. Ke2 Kd5 34. Ke3 b5 35. b3 a5 36. Bxa5 b4 37. a3 bxa3 38. Bc3 Rg8 39.
Ra4 Rb8 40. Rxa3 Nc7 41. Ba5 Ne6 42. Bc3 Nc7 43. Ba5 Ne6 44. Bc3 Nc7 45. Ba5
1/2-1/2

[Event "IV Open A"]
[Site "Lodi ITA"]
[Date "2008.06.15"]
[Round "5"]
[White "Farago, Ivan"]
[Black "Welling, Gerard"]
[Result "1/2-1/2"]
[WhiteElo "2470"]
[BlackElo "2378"]
[PlyCount "87"]
[EventDate "2008.06.13"]

1. d4 Nf6 2. c4 d6 3. Nc3 Nbd7 4. e4 e5 5. Nf3 g6 6. Be2 Bg7 7. O-O O-O 8. Be3
Re8 9. Qc2 Ng4 10. Bg5 Bf6 11. Bxf6 Ngxf6 12. Rad1 Nh5 13. Rd2 Nf4 14. Rfd1
exd4 15. Nxd4 Ne5 16. Nd5 Nxe2+ 17. Nxe2 Be6 18. Qc3 Bxd5 19. Rxd5 Qh4 20. f3
f5 21. Ng3 fxe4 22. Nxe4 Ng4 23. h3 Rxe4 24. fxe4 Qf2+ 25. Kh1 Ne3 26. Rg1 Nxd5
27. cxd5 Qf7 28. Rc1 Rc8 29. Qd4 b6 30. e5 dxe5 31. Qxe5 Re8 32. Qg3 Re7 33. d6
cxd6 34. Qxd6 Qe8 35. Kh2 Qd7 36. Qb8+ Re8 37. Qf4 Qf7 38. Qd4 Qe7 39. a3 Qe5+
40. Qxe5 Rxe5 41. Rc7 a5 42. Rc8+ Kf7 43. Rc7+ Kg8 44. Rc8+ 1/2-1/2

[Event "IV Open A"]
[Site "Lodi ITA"]
[Date "2008.06.15"]
[Round "5"]
[White "Galassi, Federico"]
[Black "Maggi, Fabrizio"]
[Result "1-0"]
[WhiteElo "2145"]
[BlackElo "2003"]
[PlyCount "65"]
[EventDate "2008.06.13"]

1. e4 e6 2. d4 d5 3. Nd2 c5 4. Ngf3 Nc6 5. exd5 exd5 6. Bb5 Bd6 7. O-O Nge7 8.
dxc5 Bxc5 9. Nb3 Bd6 10. Bg5 O-O 11. c3 Bg4 12. Bh4 Re8 13. Bg3 Bxg3 14. hxg3
Qb6 15. Nbd4 a6 16. Ba4 h6 17. Re1 Qxb2 18. Rb1 Qxc3 19. Rxb7 Bxf3 20. Nxf3
Rab8 21. Bxc6 Nxc6 22. Rxe8+ Rxe8 23. Qxd5 Nd8 24. Re7 Rf8 25. Ne5 Qc1+ 26. Kh2
Qg5 27. Qd7 Qh5+ 28. Kg1 Qg5 29. a4 Qc1+ 30. Kh2 Qc5 31. f4 Qa5 32. f5 Qb6 33.
Ng6 1-0

[Event "IV Open A"]
[Site "Lodi ITA"]
[Date "2008.06.15"]
[Round "5"]
[White "Hera, Imre jr"]
[Black "Pomaro, Alberto"]
[Result "1-0"]
[WhiteElo "2524"]
[BlackElo "2209"]
[PlyCount "73"]
[EventDate "2008.06.13"]

1. d4 Nf6 2. c4 g6 3. g3 Bg7 4. Bg2 O-O 5. Nc3 d6 6. Nf3 Nc6 7. O-O a6 8. h3
Rb8 9. Qc2 Bd7 10. Bg5 h6 11. Bf4 Qc8 12. Kh2 g5 13. Be3 g4 14. hxg4 Nxg4+ 15.
Kg1 Nxe3 16. fxe3 Bf5 17. Qd2 Bh7 18. Nd5 e6 19. Nf4 e5 20. Bh3 Bf5 21. Bxf5
Qxf5 22. Nd5 Qg4 23. Kg2 exd4 24. exd4 Nxd4 25. Ne7+ Kh8 26. Rh1 Nf5 27. Nxf5
Qxf5 28. Rxh6+ Bxh6 29. Rh1 Kg8 30. Qxh6 f6 31. Qh8+ Kf7 32. Rh7+ Ke8 33. Qg7
Qe6 34. Qg6+ Kd8 35. Nd4 Qe8 36. Qg7 Qe4+ 37. Kf1 1-0

[Event "IV Open A"]
[Site "Lodi ITA"]
[Date "2008.06.15"]
[Round "5"]
[White "Lazic, Miroljub"]
[Black "Leon Hoyos, Manuel"]
[Result "0-1"]
[WhiteElo "2539"]
[BlackElo "2490"]
[PlyCount "80"]
[EventDate "2008.06.13"]

1. g3 c5 2. c4 Nc6 3. Bg2 g6 4. Nc3 Bg7 5. e3 e5 6. Nge2 Nge7 7. O-O O-O 8. a3
d6 9. Rb1 a5 10. b3 Be6 11. Nd5 f5 12. Bb2 g5 13. f4 h6 14. Nxe7+ Qxe7 15. d4
Bf7 16. fxe5 Bh5 17. e6 f4 18. Bf3 Bxf3 19. Rxf3 Qxe6 20. gxf4 cxd4 21. Nxd4
Bxd4 22. exd4 Qg4+ 23. Kh1 Rae8 24. Qd3 Qf5 25. d5 Ne5 26. Qxf5 Rxf5 27. Bxe5
dxe5 28. Rh3 gxf4 29. Rxh6 Kg7 30. Rb6 e4 31. Rg1+ Kf7 32. Rxb7+ Kf6 33. Rb6+
Ke5 34. d6 f3 35. Rb5+ Kf4 36. Rxf5+ Kxf5 37. c5 f2 38. Rf1 e3 39. d7 Rg8 40.
c6 Ke6 0-1

[Event "IV Open A"]
[Site "Lodi ITA"]
[Date "2008.06.15"]
[Round "5"]
[White "Massironi, Marco"]
[Black "Schneider-Zinner, Harald"]
[Result "1/2-1/2"]
[WhiteElo "2120"]
[BlackElo "2350"]
[PlyCount "46"]
[EventDate "2008.06.13"]

1. e4 e5 2. Nf3 d6 3. d4 exd4 4. Nxd4 Nf6 5. Nc3 Be7 6. f3 O-O 7. Bf4 d5 8.
Ndb5 c6 9. Nc7 Nh5 10. Nxa8 Nxf4 11. g3 Bb4 12. gxf4 Qh4+ 13. Ke2 Qxf4 14. Qd4
Na6 15. Qe3 Qh4 16. Qf2 Qf6 17. Rd1 dxe4 18. Nxe4 Qxb2 19. Qd4 Qxc2+ 20. Ke3 f5
21. Qc4+ Qxc4 22. Bxc4+ Kh8 23. Nd6 b5 1/2-1/2

[Event "IV Open A"]
[Site "Lodi ITA"]
[Date "2008.06.15"]
[Round "5"]
[White "Pedini, Dario"]
[Black "Bemporad, Filippo"]
[Result "0-1"]
[WhiteElo "2086"]
[BlackElo "2044"]
[PlyCount "136"]
[EventDate "2008.06.13"]

1. e4 c5 2. Nc3 d6 3. g3 g6 4. Bg2 Bg7 5. d3 Nc6 6. f4 e6 7. Nf3 Nge7 8. O-O
O-O 9. g4 f5 10. h3 Rb8 11. a4 Nd4 12. Ne2 Nxf3+ 13. Bxf3 b6 14. c3 Bb7 15. Qc2
Qc7 16. Be3 Kh8 17. Rf2 e5 18. Raf1 Qd7 19. b4 cxb4 20. cxb4 Rbc8 21. Qa2 d5
22. gxf5 dxe4 23. dxe4 Qd3 24. Qd2 Qxd2 25. Bxd2 Rc2 26. Bc3 gxf5 27. Bxe5 Bxe5
28. fxe5 fxe4 29. Bh5 Rg8+ 30. Kh2 Rg5 31. Rf8+ Kg7 32. R8f7+ Kh6 33. Rxe7 Kxh5
34. Rxh7+ Kg6 35. Rxb7 Rxe2+ 36. Kh1 Rxe5 37. Rg1+ Kf6 38. Rxa7 Rb2 39. a5 Rxb4
40. a6 Ra4 41. Ra8 Re7 42. Rb1 e3 43. Rxb6+ Kf5 44. Rf8+ Ke4 45. Rb2 Re6 46.
Rb1 Raxa6 47. Rff1 Rad6 48. Rg1 Rf6 49. Rb4+ Kd3 50. Rb3+ Ke2 51. Rb2+ Rd2 52.
Rg2+ Rf2 53. Rb3 Rd1+ 54. Kh2 Kf3 55. Rxf2+ Kxf2 56. h4 e2 57. Rb2 Ke3 58. Rb3+
Rd3 59. Rb1 Kd2 60. Rb2+ Kd1 61. Rb1+ Kc2 62. Rg1 Kd2 63. Rg2 Kd1 64. h5 e1=Q
65. h6 Qe5+ 66. Kg1 Kc1 67. h7 Qe1+ 68. Kh2 Qh4+ 0-1

[Event "IV Open A"]
[Site "Lodi ITA"]
[Date "2008.06.15"]
[Round "5"]
[White "Pienabarca, Nicola"]
[Black "Gerola, Fausto"]
[Result "1/2-1/2"]
[WhiteElo "2081"]
[BlackElo "2193"]
[PlyCount "41"]
[EventDate "2008.06.13"]

1. d4 d5 2. Nf3 Nf6 3. c4 c6 4. b3 Bf5 5. g3 h6 6. Bg2 e6 7. O-O Nbd7 8. Bb2
Be7 9. Nc3 O-O 10. Ne5 Nxe5 11. dxe5 Nd7 12. e4 dxe4 13. Nxe4 Qc7 14. Nd6 Bh7
15. Qd2 Rad8 16. Rad1 b6 17. Bh3 Nc5 18. Qe3 Nb7 19. Ne4 Rxd1 20. Rxd1 Rd8 21.
Rxd8+ 1/2-1/2

[Event "IV Open A"]
[Site "Lodi ITA"]
[Date "2008.06.15"]
[Round "5"]
[White "Saccona, Silvano"]
[Black "Sciortino, Massimo"]
[Result "0-1"]
[WhiteElo "2178"]
[BlackElo "2217"]
[PlyCount "70"]
[EventDate "2008.06.13"]

1. d4 Nf6 2. Nf3 g6 3. c4 Bg7 4. Nc3 d6 5. g3 O-O 6. Bg2 Nc6 7. d5 Na5 8. Qd3
c5 9. O-O a6 10. Nd2 Rb8 11. a4 Ng4 12. Qc2 e5 13. h3 Nf6 14. Rb1 Nd7 15. b3 f5
16. Nf3 h6 17. Bd2 b6 18. e4 Nf6 19. Nh4 Nxe4 20. Nxe4 fxe4 21. Nxg6 Rf7 22. h4
Qf6 23. Bxa5 bxa5 24. Bxe4 Bh3 25. Rfe1 h5 26. Kh2 Bg4 27. Rf1 Bf3 28. Bf5 Re8
29. Be6 Rxe6 30. dxe6 Qxe6 31. Rbe1 e4 32. Qd2 Qxg6 33. Qxa5 Rf8 34. Qxa6 Be5
35. Qb7 e3 0-1

[Event "IV Open A"]
[Site "Lodi ITA"]
[Date "2008.06.15"]
[Round "5"]
[White "Tiviakov, Sergei"]
[Black "Izsak, Gyula"]
[Result "1/2-1/2"]
[WhiteElo "2635"]
[BlackElo "2427"]
[PlyCount "97"]
[EventDate "2008.06.13"]

1. e4 c5 2. c3 d5 3. exd5 Qxd5 4. d4 e6 5. Nf3 Nf6 6. Na3 a6 7. Nc4 Nbd7 8. Bg5
cxd4 9. Bxf6 Nxf6 10. Nb6 Qe4+ 11. Be2 Rb8 12. Nxd4 Bc5 13. Nxc8 Rxc8 14. O-O
Bxd4 15. Bf3 Qf4 16. cxd4 Rc7 17. d5 exd5 18. Bxd5 Nxd5 19. Qxd5 O-O 20. Rad1
Qc4 21. Qxc4 Rxc4 22. Rd7 Rb4 23. b3 a5 24. Re1 g6 25. g3 a4 26. Re3 b6 27. Rb7
axb3 28. axb3 Rd8 29. Rf3 Rf8 30. Kf1 f5 31. Rc7 Rf7 32. Rc6 Kg7 33. Ke2 Rf6
34. Rcc3 Re6+ 35. Kf1 Kf6 36. Rfd3 Re7 37. Rc6+ Re6 38. Rc8 Re7 39. Rb8 Re6 40.
Kg2 Kf7 41. h4 Re8 42. Rb7+ Re7 43. Rdd7 Rxd7 44. Rxd7+ Kg8 45. Rd3 Kf7 46. Kf3
Ke6 47. Ke2 Rb5 48. Kf3 h6 49. Re3+ 1/2-1/2

[Event "IV Festival A"]
[Site "Jesolo ITA"]
[Date "2008.06.17"]
[Round "3"]
[White "Gallucci, Alessio"]
[Black "Rotstein, Arkadij"]
[Result "0-1"]
[WhiteElo "2175"]
[BlackElo "2528"]
[PlyCount "72"]
[EventDate "2008.06.15"]

1. e4 c5 2. Nf3 e6 3. Nc3 Nc6 4. g3 a6 5. Bg2 Qc7 6. O-O Nf6 7. a4 d6 8. d4
cxd4 9. Nxd4 Be7 10. Be3 Na5 11. Qe2 O-O 12. Rad1 Re8 13. Rfe1 g6 14. Qf1 Bd7
15. Kh1 Rac8 16. Bg5 Nc4 17. Bc1 Qa5 18. Nb3 Qb4 19. f4 e5 20. fxe5 dxe5 21.
Bg5 Nxb2 22. Bxf6 Qxc3 23. Rxd7 Bxf6 24. Rb1 Re7 25. Bh3 Rxd7 26. Bxd7 Rd8 27.
Be6 Qxc2 28. Bd5 Rxd5 29. exd5 Bg5 30. h4 Qxb3 31. hxg5 Qxd5+ 32. Kh2 Nd3 33.
Rd1 e4 34. Qf6 e3 35. Qc3 Qa2+ 36. Kg1 Qf2+ 0-1

[Event "IV Festival A"]
[Site "Jesolo ITA"]
[Date "2008.06.21"]
[Round "8"]
[White "Gallucci, Alessio"]
[Black "Omeri, Silvan"]
[Result "1-0"]
[WhiteElo "2175"]
[BlackElo "2201"]
[PlyCount "75"]
[EventDate "2008.06.15"]

1. e4 c5 2. Nf3 d6 3. d4 cxd4 4. Nxd4 Nf6 5. f3 a6 6. c4 e6 7. Nc3 Qc7 8. Be3
Be7 9. Qd2 O-O 10. Rc1 b6 11. Be2 Bb7 12. O-O Nc6 13. Nd5 Qd8 14. Nxc6 Bxc6 15.
Bxb6 Qd7 16. Nxe7+ Qxe7 17. Rfd1 Rfb8 18. Bf2 Ne8 19. b3 a5 20. Bf1 Qb7 21. Rb1
Qb4 22. Qc1 h6 23. Rd2 g5 24. h3 Rd8 25. a3 Qb7 26. b4 axb4 27. axb4 Qe7 28. b5
Bb7 29. e5 dxe5 30. Rxd8 Qxd8 31. c5 Rc8 32. c6 Qd5 33. Bc4 Qd6 34. cxb7 Rb8
35. b6 Nf6 36. Ba6 Nd7 37. Qd1 Qe7 38. Rc1 1-0

[Event "V Festival Marche Estate A"]
[Site "Falconara Marittima ITA"]
[Date "2008.06.23"]
[Round "1"]
[White "Binci, Luca"]
[Black "Dimitrijevic, Dragan"]
[Result "0-1"]
[WhiteElo "1582"]
[BlackElo "2022"]
[PlyCount "62"]
[EventDate "2008.06.23"]

1. d4 Nf6 2. c4 g6 3. Nc3 d5 4. cxd5 Nxd5 5. e4 Nxc3 6. bxc3 Bg7 7. Bc4 c5 8.
Ne2 O-O 9. Be3 Nc6 10. Rb1 Na5 11. Bb3 cxd4 12. cxd4 b6 13. Qd2 Ba6 14. h4 Bxe2
15. Kxe2 Qd7 16. f3 Rad8 17. d5 e6 18. Rhd1 Nxb3 19. Rxb3 exd5 20. Rd3 Qb5 21.
Kf2 Bf6 22. Bg5 Qc5+ 23. Kf1 dxe4 24. fxe4 Rxd3 25. Qxd3 Bxg5 26. hxg5 Qxg5 27.
Qf3 Rc8 28. g3 Rc1 29. Ke1 Qa5+ 30. Kf1 Rxd1+ 31. Qxd1 Qxa2 0-1

[Event "V Festival Marche Estate A"]
[Site "Falconara Marittima ITA"]
[Date "2008.06.23"]
[Round "1"]
[White "Dorici, Alice"]
[Black "Frontini, Fabio"]
[Result "0-1"]
[WhiteElo "1504"]
[BlackElo "1976"]
[PlyCount "82"]
[EventDate "2008.06.23"]

1. e4 Nf6 2. e5 Nd5 3. c4 Nb6 4. d4 d6 5. Bf4 dxe5 6. Bxe5 N8d7 7. Nf3 c6 8.
Nc3 Nxe5 9. Nxe5 Nd7 10. Nf3 Nf6 11. Be2 Bg4 12. O-O e6 13. a3 Be7 14. Re1 O-O
15. Ne5 Bxe2 16. Nxe2 Qc7 17. Nf4 Rad8 18. Qd2 Bd6 19. Rad1 c5 20. Nfd3 cxd4
21. Rc1 b6 22. Nf3 Nd7 23. Kh1 e5 24. Ng5 Rfe8 25. Ne4 f5 26. Nxd6 Qxd6 27. b4
Rc8 28. Qg5 e4 29. Nf4 h6 30. Qg3 g5 31. Ne2 f4 32. Qb3 d3 33. c5+ Qe6 34. Nd4
Qxb3 35. Nxb3 bxc5 36. bxc5 e3 37. fxe3 fxe3 38. Rcd1 d2 39. Re2 Nxc5 40. Nd4
Nd3 41. Kg1 Rc1 0-1

[Event "V Festival Marche Estate A"]
[Site "Falconara Marittima ITA"]
[Date "2008.06.23"]
[Round "1"]
[White "Marvin, Elio"]
[Black "Borgiani, Flavio"]
[Result "0-1"]
[WhiteElo "1822"]
[BlackElo "2215"]
[PlyCount "90"]
[EventDate "2008.06.23"]

1. e4 c5 2. Nf3 e6 3. c4 Nc6 4. Be2 Nf6 5. d3 d6 6. O-O Be7 7. Nc3 O-O 8. h3 a6
9. a4 b6 10. Be3 Bb7 11. Nd2 d5 12. Bg5 dxe4 13. Bxf6 exd3 14. Bxe7 dxe2 15.
Nxe2 Qxe7 16. Nf3 Rfd8 17. Qb3 Nb4 18. Rfd1 Rxd1+ 19. Rxd1 Rd8 20. Ne1 a5 21.
Nc3 Qg5 22. Rxd8+ Qxd8 23. Qd1 Qxd1 24. Nxd1 g5 25. f3 Kg7 26. Kf2 Kf6 27. Ke3
h5 28. g3 Ba6 29. b3 Nc6 30. Nc3 Nd4 31. Ne4+ Kg6 32. Nd2 h4 33. g4 f5 34. Nd3
Kf6 35. Nf2 Bb7 36. f4 Nc2+ 37. Kd3 Ne1+ 38. Ke2 Ng2 39. fxg5+ Kxg5 40. gxf5
exf5 41. Nf3+ Bxf3+ 42. Kxf3 Ne1+ 43. Ke2 Nc2 44. Kd2 Nd4 45. Kc3 Kf4 0-1

[Event "V Festival Marche Estate A"]
[Site "Falconara Marittima ITA"]
[Date "2008.06.24"]
[Round "2"]
[White "Frontini, Fabio"]
[Black "Brancaleoni, Maurizio"]
[Result "0-1"]
[WhiteElo "1976"]
[BlackElo "2207"]
[PlyCount "78"]
[EventDate "2008.06.23"]

1. e4 c5 2. c3 e6 3. d4 d5 4. e5 Ne7 5. b4 cxd4 6. cxd4 Bd7 7. Nf3 Qb6 8. a3
Bb5 9. Bxb5+ Qxb5 10. Nc3 Qd7 11. O-O Nbc6 12. Be3 Nc8 13. Qd3 Nb6 14. Nd2 Be7
15. f4 f5 16. exf6 Bxf6 17. Nf3 O-O 18. g4 Nc4 19. g5 Be7 20. h4 Bd6 21. Ne2
Ne7 22. h5 Nf5 23. Bf2 Qe8 24. Ng3 Bxf4 25. Kg2 Bxg3 26. Bxg3 Nfe3+ 27. Kf2
Qxh5 28. Ke2 Nxf1 29. Rxf1 Qg4 30. Rh1 Rf5 31. Be1 Raf8 32. Rf1 Rxf3 33. Rxf3
Rxf3 34. Qxf3 Qxf3+ 35. Kxf3 b5 36. Bg3 Nxa3 37. Bd6 Nc4 38. Bc7 Kf7 39. Kf4
Kg6 0-1

[Event "V Festival Marche Estate A"]
[Site "Falconara Marittima ITA"]
[Date "2008.06.24"]
[Round "2"]
[White "Looijmans, Karel"]
[Black "Coqueraut, Jean Dominique"]
[Result "1-0"]
[WhiteElo "2099"]
[BlackElo "1975"]
[PlyCount "93"]
[EventDate "2008.06.23"]

1. e4 d6 2. d4 Nf6 3. Nc3 g6 4. Be3 Bg7 5. Qd2 O-O 6. Bh6 Nbd7 7. O-O-O Bxh6 8.
Qxh6 e5 9. dxe5 Nxe5 10. h3 Be6 11. f4 Nc6 12. Nf3 Qe7 13. Ng5 Rfe8 14. Bd3 Qf8
15. Qh4 h6 16. Nxe6 fxe6 17. e5 dxe5 18. Bxg6 Re7 19. Rhf1 Qg7 20. fxe5 Qxg6
21. Rxf6 Qg5+ 22. Qxg5+ hxg5 23. Rg6+ Rg7 24. Rxg7+ Kxg7 25. Rd7+ Kg6 26. Rxc7
Rf8 27. Nd1 Nxe5 28. Rxb7 Rf1 29. Rxa7 Rg1 30. g4 Nc4 31. Rd7 Rg3 32. Rd3 Rg1
33. b3 Ne5 34. Re3 Kf6 35. a4 Nc6 36. c3 e5 37. b4 Ke6 38. Kc2 Kd5 39. Rd3+ Ke6
40. a5 e4 41. Re3 Rg2+ 42. Kb3 Ke5 43. a6 Kf4 44. Re1 Rg3 45. b5 Nd4+ 46. Kc4
Nc2 47. Rf1+ 1-0

[Event "V Festival Marche Estate A"]
[Site "Falconara Marittima ITA"]
[Date "2008.06.24"]
[Round "2"]
[White "Ricci, Alessio"]
[Black "Lucchi, Lorenzo"]
[Result "0-1"]
[WhiteElo "1856"]
[BlackElo "2056"]
[PlyCount "44"]
[EventDate "2008.06.23"]

1. e4 d6 2. d4 Nf6 3. Nc3 e5 4. dxe5 dxe5 5. Qxd8+ Kxd8 6. Bg5 Be6 7. Nf3 Bd6
8. O-O-O h6 9. Bh4 Nbd7 10. Bb5 Ke7 11. Bxd7 Bxd7 12. Nd5+ Ke6 13. Rd2 Nxe4 14.
Rdd1 Bc6 15. Ne3 f5 16. Nxe5 Bxe5 17. f3 Bf4 18. Rhe1 Nf6 19. Kb1 Bxe3 20.
Rxe3+ Kf7 21. Bg3 g5 22. Bxc7 Nd5 0-1

[Event "V Festival Marche Estate A"]
[Site "Falconara Marittima ITA"]
[Date "2008.06.25"]
[Round "3"]
[White "Dorici, Alice"]
[Black "Amicucci, Michele"]
[Result "1-0"]
[WhiteElo "1504"]
[BlackElo "1428"]
[PlyCount "67"]
[EventDate "2008.06.23"]

1. e4 c6 2. d4 d6 3. Nf3 Nd7 4. Bc4 b5 5. Bb3 h6 6. Bf4 c5 7. c3 c4 8. Bc2 g5
9. Bg3 e6 10. O-O Bb7 11. Nbd2 h5 12. h3 g4 13. hxg4 hxg4 14. Nh2 Ngf6 15. Nxg4
Nh5 16. Qf3 f5 17. Ne3 Qg5 18. Bh2 Ndf6 19. Qh3 Ng4 20. Nf3 Qg7 21. exf5 Nf4
22. Qxg4 Ne2+ 23. Kh1 Qxg4 24. Nxg4 Bc8 25. Rfe1 Nf4 26. g3 Nd3 27. Bxd3 cxd3
28. fxe6 Ke7 29. Nd2 Bxe6 30. d5 Kd8 31. Rxe6 Kc7 32. f4 Kb6 33. Nf2 Bg7 34.
Rxd6+ 1-0

[Event "V Festival Marche Estate A"]
[Site "Falconara Marittima ITA"]
[Date "2008.06.25"]
[Round "3"]
[White "Giacometti, Carlo"]
[Black "Borgiani, Flavio"]
[Result "0-1"]
[WhiteElo "2063"]
[BlackElo "2215"]
[PlyCount "88"]
[EventDate "2008.06.23"]

1. d4 d6 2. c4 Nf6 3. Nc3 Bf5 4. Qb3 Qc8 5. Nf3 h6 6. g3 Nbd7 7. Bg2 c6 8. Nh4
Bh7 9. e4 e6 10. f4 e5 11. Qd1 Be7 12. f5 O-O 13. d5 cxd5 14. cxd5 Qc4 15. Qe2
Rfc8 16. Qxc4 Rxc4 17. Bf1 Rxc3 18. bxc3 Nxe4 19. c4 Bxh4 20. gxh4 Bxf5 21. Rg1
Kh7 22. a4 a5 23. Bd3 Ndc5 24. Bc2 Bd7 25. Be3 f5 26. Bxe4 Nxe4 27. Rb1 Bc8 28.
Rb6 Ra6 29. Rxa6 bxa6 30. Bb6 Bd7 31. Bxa5 Bxa4 32. Ke2 f4 33. Kf3 Bc2 34. Bb4
g5 35. hxg5 hxg5 36. Re1 Nf6 37. Bxd6 e4+ 38. Kg2 e3 39. Bxf4 Be4+ 40. Kg3 Nh5+
41. Kg4 gxf4 42. d6 Kg6 43. Rg1 Bc6 44. Kh4+ Kh6 0-1